[Event "25th Czech Rapid G1 2014"]
[Site "Pardubice CZE"]
[Date "2014.07.16"]
[Round "1.23"]
[White "Neuman, Petr"]
[Black "Vokoun, Jan"]
[Result "1-0"]
[WhiteTitle "GM"]
[BlackTitle "FM"]
[WhiteElo "2488"]
[BlackElo "2195"]
[WhiteFideId "305243"]
[BlackFideId "301647"]
[EventDate "2014.07.16"]

1. d4 c5 2. d5 g6 3. e4 e5 4. Nc3 d6 5. Bb5+ Nd7 6. a4 Bg7 7. Nf3 a6 8. Bd3 Ne7
9. h4 h6 10. h5 gxh5 11. Rxh5 Nf6 12. Rh1 Bg4 13. Be2 Ng6 14. g3 h5 15. Bg5 Qa5
16. Nd2 Qb4 17. Ra2 Rc8 18. f3 Bd7 19. Nc4 Ke7 20. Bd2 Bh6 21. Ra3 Bxd2+ 22.
Qxd2 b5 23. axb5 axb5 24. Nb6 Rc7 25. Rb3 Qd4 26. Nxd7 Rxd7 27. Nxb5 Qxd2+ 28.
Kxd2 h4 29. gxh4 Nh5 30. Ra3 Ng3 31. Rg1 Nxe2 32. Kxe2 Rxh4 33. Kd1 Rh2 34. Ra6
Rf2 35. Rg3 Nh4 36. Ra3 Rb7 37. Ra7 Rxa7 38. Nxa7 Nxf3 39. Nc8+ Kd7 40. Nb6+ Kc7
41. Nc4 Nd4 42. c3 Nb5 43. Rg4 Kd7 44. Rh4 Ke7 45. Ke1 Rf4 46. Rxf4 exf4 47. Kf2
f5 48. Kf3 fxe4+ 49. Kxf4 Nc7 50. Kxe4 Kd7 51. Nb6+ Ke7 52. Kd3 Kf6 53. Kc4 Ke5
54. b4 cxb4 55. cxb4 Ke4 56. b5 Ke5 57. Nd7+ Ke4 58. Nf6+ Ke5 59. b6 Na6 60.
Nd7+ 1-0

[Event "25th Czech Rapid G1 2014"]
[Site "Pardubice CZE"]
[Date "2014.07.16"]
[Round "1.24"]
[White "Lehmann, Holger"]
[Black "Jansa, Vlastimil"]
[Result "1/2-1/2"]
[BlackTitle "GM"]
[WhiteElo "2185"]
[BlackElo "2453"]
[WhiteFideId "4620275"]
[BlackFideId "300128"]
[EventDate "2014.07.16"]

1. d4 Nf6 2. c4 g6 3. Nc3 d5 4. cxd5 Nxd5 5. g3 Bg7 6. Bg2 Nxc3 7. bxc3 c5 8. e3
O-O 9. Ne2 Nc6 10. O-O Bd7 11. a4 Rc8 12. Ba3 cxd4 13. cxd4 Na5 14. Bb4 Re8 15.
Bxa5 Qxa5 16. Bxb7 Rc4 17. Nf4 Rb8 18. Qf3 Rxa4 19. Rac1 e6 20. h4 Bb5 21. Rfd1
Rc4 22. Ra1 Qb6 23. Be4 a5 24. h5 Be8 25. hxg6 hxg6 26. Rdb1 Rb4 27. Rc1 a4 28.
Nd3 Rb3 29. Nc5 Rb2 30. Nxa4 Bxa4 31. Rxa4 Rb4 32. Rxb4 Qxb4 33. Rb1 Qd6 34.
Rxb8+ Qxb8 35. d5 e5 36. g4 Qd6 37. Qd1 Bf6 38. Kg2 Kg7 39. Qc2 Be7 40. Qc6 Qb4
41. Kf3 Bd6 42. Qc2 Qe1 43. Kg2 Qb4 44. Qd3 Kf6 45. Qc2 Kg5 46. Qb1 Qxb1 47.
Bxb1 Kxg4 48. f3+ Kg5 49. e4 Kf4 50. Bc2 Bb4 51. Ba4 f5 52. exf5 gxf5 53. Bc6
Bc5 54. Bb7 Ke3 55. Ba8 Ke2 56. Bb7 Bd6 57. Bc8 e4 58. fxe4 1/2-1/2

[Event "25th Czech Rapid G1 2014"]
[Site "Pardubice CZE"]
[Date "2014.07.16"]
[Round "1.26"]
[White "Rigopoulos-Tsigkos, Alexandros"]
[Black "Bochkarev, Alexander"]
[Result "1/2-1/2"]
[BlackTitle "FM"]
[WhiteElo "2052"]
[BlackElo "2438"]
[WhiteFideId "4215109"]
[BlackFideId "4140230"]
[EventDate "2014.07.16"]

1. e4 e5 2. Nc3 Nc6 3. f4 exf4 4. Nf3 Bb4 5. Bc4 Nf6 6. O-O O-O 7. e5 Ng4 8. d4
d6 9. h3 Ne3 10. Bxe3 fxe3 1/2-1/2

[Event "25th Czech Rapid G1 2014"]
[Site "Pardubice CZE"]
[Date "2014.07.16"]
[Round "1.27"]
[White "Gordievsky, Dmitry"]
[Black "Lebediantsev, Ruslan"]
[Result "1-0"]
[WhiteTitle "FM"]
[WhiteElo "2439"]
[BlackElo "2145"]
[WhiteFideId "24112798"]
[BlackFideId "24135755"]
[EventDate "2014.07.16"]

1. d4 Nf6 2. c4 e6 3. Nf3 d5 4. Nc3 Be7 5. Bg5 O-O 6. e3 Nbd7 7. Qc2 h6 8. Bh4
a6 9. cxd5 Nxd5 10. Bxe7 Nxe7 11. Rd1 b5 12. Be2 Bb7 13. O-O Nd5 14. Rc1 Rc8 15.
Nxd5 Bxd5 16. b4 Qe7 17. a3 Rfd8 18. Rfd1 Bb7 19. Qb2 c6 20. Rd2 f6 21. Bd3 e5
22. Bf5 e4 23. Qb3+ Kh8 24. Nh4 Nf8 25. Bxc8 Rxc8 26. Nf5 Qd7 27. Ng3 f5 28. Rc5
f4 29. Nxe4 Ne6 30. Re5 fxe3 31. fxe3 Re8 32. Nc5 Nxc5 33. Rxe8+ Qxe8 34. dxc5
Bc8 35. Qd3 Qe6 36. h3 Kg8 37. e4 Kh8 38. Rf2 Qe7 39. Qd6 1-0

[Event "25th Czech Rapid G1 2014"]
[Site "Pardubice CZE"]
[Date "2014.07.16"]
[Round "1.28"]
[White "Valenta, Vit"]
[Black "Belyakov, Bogdan"]
[Result "0-1"]
[WhiteTitle "FM"]
[BlackTitle "IM"]
[WhiteElo "2132"]
[BlackElo "2456"]
[WhiteFideId "307440"]
[BlackFideId "24104795"]
[EventDate "2014.07.16"]

1. e4 e5 2. Nc3 Nf6 3. f4 d5 4. fxe5 Nxe4 5. d3 Nxc3 6. bxc3 d4 7. Nf3 Nc6 8.
Bb2 Bg4 9. Be2 Bxf3 10. Bxf3 Nxe5 11. Qe2 Qe7 12. cxd4 Nxf3+ 13. gxf3 O-O-O 14.
Qxe7 Bxe7 15. Rg1 Bf6 16. c3 c5 17. Rg4 cxd4 0-1

[Event "25th Czech Rapid G1 2014"]
[Site "Pardubice CZE"]
[Date "2014.07.16"]
[Round "1.29"]
[White "Zwardon, Vojtech"]
[Black "Krouzel, Jaroslav"]
[Result "1-0"]
[WhiteTitle "IM"]
[BlackTitle "FM"]
[WhiteElo "2399"]
[BlackElo "2125"]
[WhiteFideId "325511"]
[BlackFideId "301566"]
[EventDate "2014.07.16"]

1. c4 f5 2. e4 fxe4 3. d3 Nf6 4. g4 g6 5. g5 Nh5 6. Be2 Ng7 7. dxe4 e5 8. Nc3
Be7 9. h4 O-O 10. Be3 c5 11. Qd5+ Rf7 12. Qxe5 Nc6 13. Qh2 d6 14. h5 gxh5 15.
Bxh5 Nxh5 16. Qxh5 Ne5 17. O-O-O Bg4 18. Qh6 Bxd1 19. Nxd1 Qf8 20. Qe6 Kh8 21.
Kb1 Rg7 22. f4 Qf7 23. Qxf7 Nxf7 24. Ne2 Re8 25. Ng3 Nxg5 26. fxg5 Bxg5 27. Nf5
Rg6 28. Bxg5 Rxg5 29. Nxd6 Rf8 30. Ne3 Re5 31. Nef5 Rf6 32. Rd1 h6 33. Nxh6 Rh5
34. Nhf5 b6 35. a3 Kh7 36. Rg1 1-0

[Event "25th Czech Rapid G1 2014"]
[Site "Pardubice CZE"]
[Date "2014.07.16"]
[Round "1.30"]
[White "Tarakanov, Oleg"]
[Black "Druska, Juraj"]
[Result "1-0"]
[BlackTitle "FM"]
[WhiteElo "2161"]
[BlackElo "2355"]
[WhiteFideId "4500610"]
[BlackFideId "14915650"]
[EventDate "2014.07.16"]

1. e4 b6 2. Nf3 Bb7 3. Nc3 d6 4. d4 Nd7 5. Bc4 g6 6. O-O Bg7 7. Re1 e6 8. Bg5
Ne7 9. d5 e5 10. Qd2 h6 11. Bh4 O-O 12. a3 Nf6 13. Bxf6 Bxf6 14. Qxh6 Bg7 15.
Qd2 f6 16. Rad1 Kf7 17. h3 Rh8 18. Bf1 Rh5 19. Ne2 Qd7 20. c4 Rah8 21. Ng3 R5h7
22. Qd3 Qa4 23. b3 Qd7 24. b4 Rb8 25. Qb3 Ba6 26. Qa2 Qa4 27. Rc1 Bh6 28. Rc3
Rhh8 29. Qc2 Qd7 30. Rd1 Rhc8 31. c5 Bxf1 32. Nxf1 bxc5 33. bxc5 Qb5 34. Ng3 Qb2
35. Ne2 Qxc2 36. Rxc2 Rb3 37. Ra1 Rcb8 38. cxd6 cxd6 39. Rc7 a5 40. Ra7 R8b5 41.
Ra6 Nc8 42. Ra8 Nb6 43. Ra7+ Kg8 44. Nh4 Nc8 45. Rd7 Nb6 46. Rxd6 Nc4 47. Rxf6
Rb6 48. Rxb6 Rxb6 49. Ra2 Bf8 50. a4 Rb4 51. Nxg6 Bc5 52. Nc3 Kf7 53. Nh4 Bd4
54. Nb5 Bb2 55. Nf3 Nb6 56. h4 Nd7 57. h5 Nf6 58. Ng5+ Kg7 59. d6 Kh6 60. Ne6
Bc1 61. Rc2 Rb1 62. Kh2 Kxh5 63. Nc3 Ra1 64. Ne2 Bh6 65. Nc5 Rd1 66. d7 Bf8 67.
Ne6 Be7 68. f3 Rxd7 69. Ng3+ Kg6 70. Nf5 Bb4 71. Rc6 Bd2 72. Nf8+ 1-0

[Event "25th Czech Rapid G1 2014"]
[Site "Pardubice CZE"]
[Date "2014.07.16"]
[Round "1.31"]
[White "Potapov, Alexander1"]
[Black "Pulpan, Jakub"]
[Result "1/2-1/2"]
[WhiteTitle "GM"]
[WhiteElo "2399"]
[BlackElo "2218"]
[WhiteFideId "4115074"]
[BlackFideId "302759"]
[EventDate "2014.07.16"]

1. d4 Nf6 2. c4 e6 3. Nc3 Bb4 4. g3 c5 5. Nf3 cxd4 6. Nxd4 Nc6 7. Bg2 d5 8. cxd5
Nxd5 9. Bd2 Nxd4 10. Nxd5 Bxd2+ 11. Qxd2 Nc6 12. Nc3 Qxd2+ 13. Kxd2 Bd7 14. Rhd1
Ke7 15. Ke3 Rhd8 16. f4 Na5 17. b4 Bc6 18. Bf1 Nc4+ 19. Kf2 Nd6 20. Rd4 Nb5 21.
Nxb5 Bxb5 22. Rxd8 Rxd8 23. a4 Bc6 24. Ke3 a6 25. a5 h6 26. h4 e5 27. Bh3 Rd4
28. b5 axb5 29. a6 Ra4 30. Rxa4 bxa4 31. a7 b5 32. Bf5 a3 33. Be4 a2 34. Bxc6
a1=Q 35. a8=Q exf4+ 36. gxf4 Qg1+ 37. Kf3 Qf1+ 38. Kg3 Qe1+ 39. Kh3 Qf1+ 40. Bg2
Qxe2 41. Qe4+ Qxe4 42. Bxe4 Ke6 43. Bc2 g6 44. h5 Kf6 45. Kg4 b4 46. Bd3 b3 47.
Be4 b2 48. Bb1 Kg7 49. Kg3 Kf6 50. Kg4 Kg7 51. Bd3 f5+ 52. Kg3 g5 53. Bb1 Kf6
54. Kf3 gxf4 55. Kxf4 Kg7 56. Kxf5 Kf7 57. Ke5 Kg7 58. Ke6 Kh8 59. Kf6 Kg8 60.
Kg6 Kh8 61. Kxh6 Kg8 62. Kg6 Kh8 63. h6 Kg8 64. h7+ Kh8 65. Kh6 1/2-1/2

[Event "25th Czech Rapid G1 2014"]
[Site "Pardubice CZE"]
[Date "2014.07.16"]
[Round "1.32"]
[White "Pischikov, Vadim"]
[Black "Dolezal, Radoslav1"]
[Result "0-1"]
[BlackTitle "IM"]
[WhiteElo "2130"]
[BlackElo "2368"]
[WhiteFideId "4100280"]
[BlackFideId "304735"]
[EventDate "2014.07.16"]

1. d4 Nf6 2. c4 e6 3. Nc3 Bb4 4. e3 O-O 5. Bd3 Bxc3+ 6. bxc3 d6 7. Ne2 e5 8. Ng3
Re8 9. Qc2 c5 10. d5 Nbd7 11. O-O Nf8 12. Bd2 Ng6 13. Rae1 Qe7 14. f3 Bd7 15. h3
Kh8 16. Kh2 Rab8 17. Rb1 Qd8 18. Rfe1 Qa5 19. Nf5 Bxf5 20. Bxf5 Re7 21. Bd3 e4
22. Bf1 Qd8 23. f4 Nh4 24. Red1 Nf5 25. Qc1 h5 26. Be1 Re8 27. g3 g6 28. Qd2 Kg7
29. Be2 Rh8 30. Kg2 Qd7 31. Bf2 Rbe8 32. Rh1 Nh6 33. Qd1 Reg8 34. Qc2 Re8 35.
Qb2 Re7 36. Rbg1 Qa4 37. Qb3 Qd7 38. Qb1 Qa4 39. Kf1 Qa5 40. Be1 Nf5 41. Kf2 h4
42. g4 Ng3 43. Rxg3 hxg3+ 44. Kxg3 Ne8 45. h4 f6 46. Kg2 Kf8 47. g5 f5 48. h5
gxh5 49. Rxh5 Reh7 50. Rxh7 Rxh7 51. Bd2 Qc7 52. Qd1 Qg7 53. Be1 Qh8 54. Bf2
Rh2+ 55. Kf1 Qh3+ 0-1

[Event "25th Czech Rapid G1 2014"]
[Site "Pardubice CZE"]
[Date "2014.07.16"]
[Round "1.33"]
[White "Hnydiuk, Aleksander"]
[Black "Sykora, Josef"]
[Result "1-0"]
[WhiteTitle "IM"]
[WhiteElo "2375"]
[BlackElo "2117"]
[WhiteFideId "1109057"]
[BlackFideId "313220"]
[EventDate "2014.07.16"]

1. e4 e6 2. d4 d5 3. Nc3 dxe4 4. Nxe4 Nd7 5. Nf3 Ngf6 6. Bd3 c5 7. O-O cxd4 8.
Nxd4 a6 9. Nxf6+ Nxf6 10. c3 Be7 11. Qe2 O-O 12. Bg5 Qa5 13. Bh4 Re8 14. Rfe1
Qh5 15. Qxh5 Nxh5 16. Bxe7 Rxe7 17. Rad1 g6 18. Be4 Rb8 19. Nb3 Bd7 20. Nc5 Be8
21. Rd6 Nf6 22. Bf3 a5 23. Rb6 Nd7 24. Rxb7 Rxb7 25. Nxb7 Nb6 26. Nxa5 Na4 27.
Nc4 Ra7 28. Rc1 Kf8 29. b4 Rc7 30. Nd6 Rxc3 31. Rxc3 Nxc3 32. a3 Nb5 33. Nxe8
Kxe8 34. Bc6+ 1-0

[Event "25th Czech Rapid G1 2014"]
[Site "Pardubice CZE"]
[Date "2014.07.16"]
[Round "1.34"]
[White "Petrovskis, Olegs"]
[Black "Sundararajan, Kidambi"]
[Result "0-1"]
[BlackTitle "GM"]
[WhiteElo "2062"]
[BlackElo "2414"]
[WhiteFideId "11603186"]
[BlackFideId "5005370"]
[EventDate "2014.07.16"]

1. d4 Nf6 2. c4 d6 3. Nf3 Nbd7 4. Nc3 g6 5. e4 Bg7 6. Be2 O-O 7. O-O e5 8. dxe5
Nxe5 9. Nxe5 dxe5 10. Bg5 c6 11. Qxd8 Rxd8 12. Rfd1 Be6 13. c5 Rxd1+ 14. Rxd1
Nd7 15. Be3 Bf8 16. Na4 Be7 17. b3 Kf8 18. Kf1 Ke8 19. Ke1 Nf8 20. f3 f5 21. Nc3
Nd7 22. Na4 Bh4+ 23. g3 Be7 24. Bd3 b5 25. cxb6 axb6 26. Bxb6 Nxb6 27. Nxb6 Rxa2
28. Bc4 Bxc4 29. Nxc4 fxe4 30. fxe4 Rxh2 31. Nxe5 c5 32. Rd3 Rb2 33. Nc4 Ra2 34.
Kf1 Kf7 35. Rd2 Ra1+ 36. Kf2 Ke6 37. Kf3 h5 38. Rd5 Rf1+ 39. Kg2 Rb1 40. Rd3 g5
41. Kf3 g4+ 42. Kf4 Rf1+ 43. Ke3 h4 44. Ke2 Rh1 45. gxh4 Bxh4 46. Rd6+ Ke7 47.
Rg6 g3 48. Ne3 Kf7 49. Rh6 Re1+ 50. Kd2 Rxe3 51. Rxh4 Rxb3 52. Rg4 Kf6 53. Kc2
Rf3 54. Kd2 Ke5 55. Ke2 Rc3 56. Kd2 Ra3 57. Ke2 c4 58. Kd2 Rf3 59. Ke2 Rd3 60.
Rg5+ Kxe4 61. Rg4+ Kd5 62. Rg5+ Kd4 63. Rg8 Kc3 64. Rg7 Kc2 65. Ke1 Re3+ 66. Kf1
c3 0-1

[Event "25th Czech Rapid G1 2014"]
[Site "Pardubice CZE"]
[Date "2014.07.16"]
[Round "1.35"]
[White "Musat, Adrian"]
[Black "Vykydal, Frantisek"]
[Result "1-0"]
[WhiteTitle "FM"]
[BlackTitle "CM"]
[WhiteElo "2401"]
[BlackElo "2117"]
[WhiteFideId "1203452"]
[BlackFideId "301744"]
[EventDate "2014.07.16"]

1. Nf3 d6 2. d4 Bg4 3. c4 Nd7 4. Qb3 Bxf3 5. Qxf3 c6 6. Nc3 e5 7. e3 Ngf6 8. Bd3
g6 9. O-O Bg7 10. Rd1 O-O 11. b4 Re8 12. Ba3 Qc7 13. Rab1 a5 14. b5 Rac8 15. Bf1
exd4 16. exd4 c5 17. b6 Qb8 18. Nb5 Nxb6 19. dxc5 dxc5 20. Nd6 Qc7 21. Nxc8 Rxc8
22. Qb3 Nfd7 23. Bb2 a4 24. Qb5 Bf8 25. Ba1 Qf4 26. Rxd7 Nxd7 27. Qxd7 1-0

[Event "25th Czech Rapid G1 2014"]
[Site "Pardubice CZE"]
[Date "2014.07.16"]
[Round "1.36"]
[White "Horacek, Michal"]
[Black "Satyapragyan, Swayangsu"]
[Result "0-1"]
[BlackTitle "IM"]
[WhiteElo "2094"]
[BlackElo "2393"]
[WhiteFideId "332526"]
[BlackFideId "5004306"]
[EventDate "2014.07.16"]

1. d4 e6 2. Nf3 c5 3. dxc5 Bxc5 4. e3 Nf6 5. Bd3 Nc6 6. O-O d5 7. a3 e5 8. b4
Bd6 9. b5 Ne7 10. Be2 O-O 11. Bb2 Ng6 12. c4 e4 13. Nd4 dxc4 14. Nd2 Ne5 15.
Nxc4 Nxc4 16. Bxc4 Bxh2+ 17. Kxh2 Ng4+ 18. Kg3 Qc7+ 19. f4 exf3+ 20. Kxf3 Qxc4
21. Qb3 Nh2+ 22. Kf2 Qxb3 23. Nxb3 Nxf1 24. Rxf1 Be6 25. Nd4 Rac8 26. Kg3 Rfd8
27. Kf4 Rc5 28. g3 Rxd4+ 29. Bxd4 Rf5+ 0-1

[Event "25th Czech Rapid G1 2014"]
[Site "Pardubice CZE"]
[Date "2014.07.16"]
[Round "1.37"]
[White "Pisk, Petr"]
[Black "Kratochvil, Milan"]
[Result "1/2-1/2"]
[WhiteTitle "IM"]
[WhiteElo "2390"]
[BlackElo "2195"]
[WhiteFideId "304689"]
[BlackFideId "331015"]
[EventDate "2014.07.16"]

1. d4 Nf6 2. Nf3 e6 3. Bg5 d5 4. e3 c5 5. c3 cxd4 6. exd4 h6 7. Bh4 Be7 8. Nbd2
Nc6 9. Bd3 Qb6 10. Qb3 Bd7 11. O-O Rc8 12. Rfe1 Na5 13. Qxb6 axb6 14. Ne5 Ng4
15. Nxg4 Bxh4 16. g3 Bf6 17. Nxf6+ gxf6 18. Nf3 Nc4 19. Bxc4 Rxc4 20. Nh4 O-O
21. Re3 Ra8 22. a3 Ra5 23. Kf1 Ba4 24. Rc1 Bb3 25. Nf3 Rca4 26. Nd2 Bc4+ 27. Ke1
Rb5 28. b4 Rxa3 29. f4 Rxb4 30. Nb1 Rab3 31. Nd2 Ra3 32. Nb1 Rxb1 33. Rxb1 b5
34. f5 exf5 35. Rb2 f4 36. Rb1 1/2-1/2

[Event "25th Czech Rapid G1 2014"]
[Site "Pardubice CZE"]
[Date "2014.07.16"]
[Round "1.38"]
[White "Solovyev, Anton"]
[Black "Reutsky, Sergei"]
[Result "0-1"]
[BlackTitle "IM"]
[WhiteElo "2021"]
[BlackElo "2387"]
[WhiteFideId "24170330"]
[BlackFideId "4157419"]
[EventDate "2014.07.16"]

1. e4 Nc6 2. Nf3 d5 3. exd5 Qxd5 4. Nc3 Qa5 5. Bc4 Bg4 6. h3 Bh5 7. O-O O-O-O 8.
Re1 Nd4 9. g4 Bg6 10. Nxd4 Rxd4 11. d3 h5 12. Be3 Rd8 13. Qf3 hxg4 14. hxg4 Nf6
15. Nb5 a6 16. b4 Qa4 17. Nc3 Qd7 18. g5 Qg4+ 19. Qxg4+ Nxg4 20. Bf4 e5 21. Bd2
Bxb4 22. f3 Bc5+ 23. Kf1 Rh2 0-1

[Event "25th Czech Rapid G1 2014"]
[Site "Pardubice CZE"]
[Date "2014.07.16"]
[Round "1.39"]
[White "Cerveny, Martin"]
[Black "Setyaki, Azarya Jodi"]
[Result "0-1"]
[WhiteTitle "FM"]
[BlackTitle "CM"]
[WhiteElo "2375"]
[BlackElo "2231"]
[WhiteFideId "321141"]
[BlackFideId "7101589"]
[EventDate "2014.07.16"]

1. d4 Nf6 2. c4 g6 3. Nc3 d5 4. cxd5 Nxd5 5. e4 Nxc3 6. bxc3 Bg7 7. Nf3 c5 8.
Rb1 O-O 9. Be2 Nc6 10. d5 Ne5 11. Nxe5 Bxe5 12. Qd2 e6 13. f4 Bc7 14. O-O exd5
15. exd5 Ba5 16. d6 Bf5 17. Rxb7 Qf6 18. Bb2 Rad8 19. Rd1 c4 20. Rb5 Bb6+ 21.
Kh1 Rfe8 22. Rxb6 axb6 23. Ba3 Qe6 24. Bf3 Qe3 25. Qxe3 Rxe3 26. Bb4 Be4 27.
Bxe4 Rxe4 28. g3 f5 29. a4 Kf7 30. d7 Re3 31. Rd4 Rd3 32. Rxc4 R8xd7 33. Kg2
Rd2+ 34. Kh3 Ra2 35. Rc6 Rdd2 36. Rc7+ Ke6 37. Rc6+ Kd7 0-1

[Event "25th Czech Rapid G1 2014"]
[Site "Pardubice CZE"]
[Date "2014.07.16"]
[Round "1.40"]
[White "Klukin, Kirill"]
[Black "Biolek, Richard Jr."]
[Result "1-0"]
[BlackTitle "IM"]
[WhiteElo "2067"]
[BlackElo "2429"]
[WhiteFideId "24199273"]
[BlackFideId "319996"]
[EventDate "2014.07.16"]

1. d4 d5 2. Nf3 Nc6 3. c4 Bg4 4. e3 e5 5. dxe5 dxc4 6. Qxd8+ Rxd8 7. Bxc4 Nxe5
8. Be2 Bxf3 9. gxf3 Nd3+ 10. Bxd3 Rxd3 11. Ke2 Rd7 12. Nc3 Nf6 13. b3 Bb4 14.
Bb2 Ke7 15. a3 Bxc3 16. Bxc3 Rhd8 17. Rhg1 g6 18. Rac1 c6 19. Bb4+ Ke6 20. Ba5
Re8 21. e4 Nh5 22. Ke3 Rc8 23. Rcd1 Rxd1 24. Rxd1 b6 25. Bc3 c5 26. a4 Ke7 27.
f4 Rc7 28. f3 Rd7 29. Rc1 Nf6 30. b4 cxb4 31. Bxb4+ Kd8 32. a5 Rc7 33. Rd1+ Rd7
34. Rc1 Rc7 35. Rd1+ Nd7 36. axb6 axb6 37. h4 Rc4 38. Rd4 Rxd4 39. Kxd4 Nf6 40.
Ke5 Nh5 41. f5 Kd7 42. fxg6 hxg6 43. Bd2 f6+ 44. Kd5 Ng3 45. Bc3 Ke7 46. f4 Nh5
47. Bd2 Ng3 48. e5 fxe5 49. fxe5 Nf5 50. Bg5+ Kd7 51. e6+ Ke8 52. Ke5 b5 53. h5
b4 54. hxg6 Ng7 55. Bd2 b3 56. Bc1 Kf8 57. Ba3+ Kg8 58. Kf6 Nh5+ 59. Kg5 Ng7 60.
e7 Ne8 61. Kf5 Nc7 62. Bb2 Ne8 63. Ke6 Nc7+ 64. Kd7 Ne8 65. g7 1-0

[Event "25th Czech Rapid G1 2014"]
[Site "Pardubice CZE"]
[Date "2014.07.16"]
[Round "1.41"]
[White "Freisler, Pavel"]
[Black "Marutkins, Olegs"]
[Result "1-0"]
[WhiteTitle "IM"]
[WhiteElo "2301"]
[BlackElo "2081"]
[WhiteFideId "301477"]
[BlackFideId "11600012"]
[EventDate "2014.07.16"]

1. Nf3 Nf6 2. c4 g6 3. Nc3 Bg7 4. d4 d6 5. g3 O-O 6. Bg2 Nc6 7. O-O a6 8. d5 Na5
9. Nd2 c5 10. Qc2 Rb8 11. b3 b5 12. Bb2 Bd7 13. Rae1 e6 14. e4 exd5 15. cxd5 b4
16. Nd1 Bb5 17. Nc4 Bxc4 18. bxc4 Qb6 19. Ne3 b3 20. axb3 Qxb3 21. Re2 Rfe8 22.
Ra1 Qxc2 23. Rxc2 Nb3 24. Rxa6 Nd4 25. Bxd4 cxd4 26. Nf1 Nxe4 27. Bxe4 Rxe4 28.
Rxd6 Bh6 29. c5 d3 30. Ra2 Rb1 31. Kg2 Re2 32. Ra3 d2 33. Nxd2 Bxd2 34. c6 Rc1
35. Rd7 Bb4 36. Rf3 Re7 37. Rb3 Rxd7 38. cxd7 Be7 39. Rb8+ Kg7 40. d8=Q Bxd8 41.
Rxd8 Kf6 42. Rd6+ Ke7 43. Ra6 Rd1 44. Ra5 Kd6 45. Ra7 Rxd5 46. Rxf7 h6 47. Rf6+ 1-0

[Event "25th Czech Rapid G1 2014"]
[Site "Pardubice CZE"]
[Date "2014.07.16"]
[Round "1.42"]
[White "Chernyshova, Natalia"]
[Black "Gorbatov, Alexej"]
[Result "0-1"]
[BlackTitle "IM"]
[WhiteElo "2129"]
[BlackElo "2358"]
[WhiteFideId "24143219"]
[BlackFideId "4111834"]
[EventDate "2014.07.16"]

1. d4 a6 2. c4 b5 3. e4 Bb7 4. d5 e6 5. Nf3 Bb4+ 6. Bd2 Qe7 7. Bxb4 Qxb4+ 8. Qd2
Qxd2+ 9. Nfxd2 Nf6 10. b3 exd5 11. exd5 O-O 12. f3 c6 13. d6 Re8+ 14. Kf2 Re6
15. c5 Re5 16. Ne4 Nxe4+ 17. fxe4 Rxc5 18. Bd3 a5 19. Nd2 Na6 20. Rac1 Re8 21.
Bb1 Re6 22. Rxc5 Nxc5 23. Rc1 Na6 24. a4 Rxd6 25. Ke3 Kf8 26. Bd3 Nb4 27. Be2
Ba6 28. Rc5 bxa4 29. Bxa6 a3 30. Rxa5 a2 31. Ke2 Rg6 32. g3 Rg5 33. Ra4 Rc5 34.
Kd1 Ke7 35. Nc4 d5 36. exd5 cxd5 37. Ne3 Ke6 38. Be2 f5 39. Ng2 g5 40. Ne1 Rc3
41. Kd2 Rxb3 42. Nd3 Rb1 43. Nxb4 a1=Q 44. Rxa1 Rxa1 45. h4 Rg1 46. Nc6 g4 47.
Bd3 Rg2+ 48. Kc3 Rxg3 49. Nd4+ Ke5 50. Nxf5 Rxd3+ 0-1

[Event "25th Czech Rapid G1 2014"]
[Site "Pardubice CZE"]
[Date "2014.07.16"]
[Round "1.43"]
[White "Shalimov, Valery"]
[Black "Chovanec, Vladimir"]
[Result "1-0"]
[WhiteTitle "IM"]
[WhiteElo "2412"]
[BlackElo "2100"]
[WhiteFideId "14104881"]
[BlackFideId "14907860"]
[EventDate "2014.07.16"]

1. d4 e6 2. c4 b6 3. a3 Bb7 4. Nc3 f5 5. Nf3 Nf6 6. d5 Na6 7. g3 Be7 8. Bg2 Nc5
9. O-O O-O 10. Be3 Nce4 11. Nxe4 Nxe4 12. Qc2 Bf6 13. Rfd1 Qe7 14. Nd4 Nd6 15.
Rac1 a6 16. b4 Bxd4 17. Bxd4 e5 18. Bb2 f4 19. c5 fxg3 20. hxg3 bxc5 21. bxc5
Nb5 22. a4 Qf6 23. e3 Na7 24. f4 Rae8 25. Rf1 Qh6 26. Rce1 exf4 27. exf4 Qh5 28.
Qb3 Ba8 29. Re5 Rxe5 30. Bxe5 Rc8 31. Bxc7 1-0

[Event "25th Czech Rapid G1 2014"]
[Site "Pardubice CZE"]
[Date "2014.07.16"]
[Round "1.44"]
[White "Grove, Michael"]
[Black "Zpevak, Pavel"]
[Result "0-1"]
[BlackTitle "IM"]
[WhiteElo "2064"]
[BlackElo "2362"]
[WhiteFideId "2403943"]
[BlackFideId "300586"]
[EventDate "2014.07.16"]

1. e4 c5 2. Nc3 e6 3. Nf3 a6 4. d4 cxd4 5. Nxd4 Qc7 6. Bd3 Nc6 7. Nb3 Nf6 8. O-O
Be7 9. Re1 d6 10. a4 b6 11. Qf3 O-O 12. Bg5 Bb7 13. Qh3 Ne5 14. a5 b5 15. Rad1
b4 16. Na4 Rfe8 17. Nb6 Rad8 18. Bd2 Nxd3 19. cxd3 Qc2 20. Nd4 Qc5 21. Nb3 Qe5
22. Be3 Qb5 23. f3 Nd7 24. Qg3 Nxb6 25. Bxb6 Rc8 26. f4 e5 27. d4 exf4 28. Qxf4
Qg5 29. g3 Rc2 30. Rd2 Rec8 31. d5 Qh5 32. Nd4 Bg5 33. Rxc2 Bxf4 34. Rxc8+ Bxc8
35. gxf4 Qg4+ 36. Kf2 Qxf4+ 37. Nf3 Bg4 38. Re3 Bxf3 39. Rxf3 Qxh2+ 40. Ke3 Qxb2
41. Kf4 b3 42. Rd3 Qc1+ 43. Be3 Qf1+ 0-1

[Event "25th Czech Rapid G1 2014"]
[Site "Pardubice CZE"]
[Date "2014.07.16"]
[Round "1.45"]
[White "Vrana, Jan"]
[Black "Hoegener, Claude"]
[Result "1-0"]
[WhiteTitle "FM"]
[WhiteElo "2374"]
[BlackElo "2083"]
[WhiteFideId "322369"]
[BlackFideId "4000978"]
[EventDate "2014.07.16"]

1. e4 e6 2. d4 d5 3. Nd2 Nf6 4. e5 Nfd7 5. Bd3 c5 6. c3 Nc6 7. Ne2 cxd4 8. cxd4
f6 9. exf6 Nxf6 10. Nf3 Qc7 11. O-O Bd6 12. g3 O-O 13. Bf4 e5 14. dxe5 Nxe5 15.
Nxe5 Bxe5 16. Rc1 Qd6 17. Qd2 Bh3 18. Rfe1 Ng4 19. Bb1 g5 20. Bxe5 Nxe5 21.
Qxg5+ Kh8 22. Nd4 1-0

[Event "25th Czech Rapid G1 2014"]
[Site "Pardubice CZE"]
[Date "2014.07.16"]
[Round "1.46"]
[White "Rous, Daniel"]
[Black "Ekdyshman, Mikhail"]
[Result "1-0"]
[BlackTitle "IM"]
[WhiteElo "2160"]
[BlackElo "2369"]
[WhiteFideId "338150"]
[BlackFideId "4149416"]
[EventDate "2014.07.16"]

1. d4 d5 2. c4 Nc6 3. Nc3 Nf6 4. cxd5 Nxd5 5. e4 Nxc3 6. bxc3 e5 7. Nf3 exd4 8.
cxd4 Bb4+ 9. Bd2 Bxd2+ 10. Qxd2 Bg4 11. Bb5 Bxf3 12. Bxc6+ bxc6 13. gxf3 O-O 14.
O-O Qf6 15. Qe3 Rad8 16. Rac1 Rxd4 17. Rxc6 Qxc6 18. Qxd4 Qg6+ 19. Kh1 Qh5 20.
Qd3 c5 21. Rc1 Rc8 22. f4 h6 23. e5 Qg4 24. Rc4 g6 25. h3 Qe6 26. Kg2 Kg7 27. a4
Rc7 28. Kg3 Kh7 29. a5 Rd7 30. Qc2 Rd4 31. Rxc5 Kg7 32. f3 h5 33. h4 Qa6 34. Qb2
Rd1 35. e6+ Kh7 36. exf7 Rg1+ 37. Kh2 Qd6 38. Rxh5+ gxh5 39. Kxg1 Qg6+ 40. Kf2
Qxf7 41. Qc2+ Kg7 42. Qc3+ Kh7 43. Qd3+ Kg7 44. Qd4+ Kh7 45. Qe4+ Kg7 46. Qe5+
Kh7 47. f5 Qd7 48. Kg3 Qd2 49. Qe7+ Kh8 50. Qf6+ Kh7 51. Qg6+ Kh8 52. Qxh5+ Kg7
53. Qg5+ 1-0